MARC details
| 000 -CABECERA |
| campo de control de longitud fija |
01482nam a22002777a 4500 |
| 003 - IDENTIFICADOR DEL NÚMERO DE CONTROL |
| campo de control |
DO-SdBNP |
| 005 - FECHA Y HORA DE LA ÚLTIMA TRANSACCIÓN |
| campo de control |
20220721091208.0 |
| 007 - CAMPO FIJO DE DESCRIPCIÓN FÍSICA--INFORMACIÓN GENERAL |
| campo de control de longitud fija |
ta |
| 008 - DATOS DE LONGITUD FIJA--INFORMACIÓN GENERAL |
| campo de control de longitud fija |
110301s2013 dr ac 000 0 spa d |
| 040 ## - FUENTE DE LA CATALOGACIÓN |
| Centro catalogador/agencia de origen |
DO-SdBNP |
| Lengua de catalogación |
spa |
| Centro/agencia transcriptor |
BNPHU |
| 082 #4 - NÚMERO DE LA CLASIFICACIÓN DECIMAL DEWEY |
| Número de clasificación |
xxxx |
| Número de documento/Ítem |
R741m |
| 100 1# - ENTRADA PRINCIPAL--NOMBRE DE PERSONA |
| Nombre de persona |
Rojas, Flor |
| 9 (RLIN) |
53018 |
| 245 10 - MENCIÓN DE TÍTULO |
| Título |
Manual de derechos humanos : |
| Resto del título |
desarrollo de las capacidades locales para la promoción de los derechos humanos en la provincia de Bahoruco / |
| Mención de responsabilidad, etc. |
Flor Rojas ; colaboradores Luisa M. Wiese, José Capellán |
| 260 ## - PUBLICACIÓN, DISTRIBUCIÓN, ETC. |
| Lugar de publicación, distribución, etc. |
Bahoruco, República Dominicana : |
| Nombre del editor, distribuidor, etc. |
Mude, |
| -- |
Fuparedeh |
| Fecha de publicación, distribución, etc. |
2013. |
| 300 ## - DESCRIPCIÓN FÍSICA |
| Extensión |
87 p. : |
| Otras características físicas |
il., retr. |
| Dimensiones |
28 cm. |
| 500 ## - NOTA GENERAL |
| Nota general |
Esta publicación fue financiada por la Unión Europea, a través de la agencia implementadora Mujeres en Desarrollo Dominicana (MUDE), Rep. Dom. Las opiniones expresadas en esta publicación no representan aquellas de la UE, ni MUDE, corresponde a la autora del manual Dra. Flor Rojas. |
| 500 ## - NOTA GENERAL |
| Nota general |
El contenido de esta obra puede ser citado y difundido por cualquier medio. Agradecemos citar la fuente. |
| 500 ## - NOTA GENERAL |
| Nota general |
Las fotografías que aparecen en este manual, son propiedad intelectual de sus autores originales. |
| 590 ## - NOTA LOCAL (RLIN) |
| Nota local |
Inventariado, 2022/ YL |
| 700 12 - PUNTO DE ACCESO ADICIONAL--NOMBRE DE PERSONA |
| Nombre de persona |
Wiese, Luisa M. |
| Término indicativo de función/relación |
col. |
| 9 (RLIN) |
82054 |
| 700 12 - PUNTO DE ACCESO ADICIONAL--NOMBRE DE PERSONA |
| Nombre de persona |
Capellán, José |
| Término indicativo de función/relación |
col. |
| 9 (RLIN) |
82055 |
| 710 1# - PUNTO DE ACCESO ADICIONAL--NOMBRE DE ENTIDAD CORPORATIVA |
| Nombre de entidad corporativa o nombre de jurisdicción como elemento de entrada |
Mujeres en Desarrollo Dominicana (MUDE) |
| 9 (RLIN) |
72598 |
| 710 1# - PUNTO DE ACCESO ADICIONAL--NOMBRE DE ENTIDAD CORPORATIVA |
| Nombre de entidad corporativa o nombre de jurisdicción como elemento de entrada |
Fundación para la Educación en Derechos Humanos (FUPAREDEH) |
| 9 (RLIN) |
82056 |
| 910 ## - DATOS DE OPCIÓN DEL USUARIO (OCLC) |
| Datos de opción del usuario |
YLockward |
| 942 ## - ELEMENTOS DE PUNTO DE ACCESO ADICIONAL (KOHA) |
| Fuente del sistema de clasificación o colocación |
Dewey Decimal Classification |
| Tipo de ítem Koha |
Libro |